| 000 | 01211nam a2200241Ia 4500 | ||
|---|---|---|---|
| 003 | Ost | ||
| 005 | 20260507074905.0 | ||
| 008 | 260507s9999||||xx |||||||||||||| ||und|| | ||
| 020 | _a×977379012 | ||
| 040 | _cfsecg | ||
| 041 | _aara | ||
| 082 | _a350 | ||
| 100 |
_aملوخية، أحمد فوزي _eمؤلف |
||
| 245 | 0 |
_aنظم المعلومات الإدارية / _c أحمد فوزي ملوخية |
|
| 260 |
_aالإسكندرية: _bدرا الفكر الجامعي, _c2007 |
||
| 300 |
_a306 صفحة؛ _bإيضاحات ؛ _c25 سم |
||
| 504 | _aببليوغرافيا: ص.297 | ||
| 520 | _aيضم مفاهيم أساسية، أساسيات النظم، أساسيات المعلومات، نظم المعلومات الإدارية، تطوير المعلومات الإدارية، نظم المعلومات والقرارات الإدارية، نظم المعلومات والمنظمات، نظم دعم الإدارة العليا، نظم دعم القرار، نظم الحاسب الآلي | ||
| 653 | _aالإدارة العامة | ||
| 653 | _aنظم المعلومات الإدارية | ||
| 653 | _aنظم المعلومات- المؤسسة الممتدة | ||
| 942 | _cكتاب | ||
| 999 |
_c41685 _d41685 |
||